Design and Development of Structural parts for Unmanned Helicopter (Record no. 541095)
[ view plain ]
| 000 -LEADER | |
|---|---|
| fixed length control field | 00556nam a22001577a 4500 |
| 082 ## - DEWEY DECIMAL CLASSIFICATION NUMBER | |
| Classification number | 670 |
| 100 ## - MAIN ENTRY--PERSONAL NAME | |
| Personal name | Ahmad, Waqas |
| 245 ## - TITLE STATEMENT | |
| Title | Design and Development of Structural parts for Unmanned Helicopter |
| Statement of responsibility, etc. | Waqas Ahmad |
| 260 ## - PUBLICATION, DISTRIBUTION, ETC. | |
| Place of publication, distribution, etc. | Islamabad : |
| Name of publisher, distributor, etc. | SMME - NUST, |
| Date of publication, distribution, etc. | 2015. |
| 300 ## - PHYSICAL DESCRIPTION | |
| Extent | 47 p. ; |
| Dimensions | 30cm. |
| 650 ## - SUBJECT ADDED ENTRY--TOPICAL TERM | |
| Topical term or geographic name entry element | Design and Manufacturing Engineering-MS-Thesis |
| 700 ## - ADDED ENTRY--PERSONAL NAME | |
| Personal name | Dr. Syed Irtiza Ali Shah |
| 856 ## - Uniform Resource Identifier | |
| Uniform Resource Identifier | <a href="http://10.250.8.41:8080/xmlui/handle/123456789/38763">http://10.250.8.41:8080/xmlui/handle/123456789/38763</a> |
| 942 ## - ADDED ENTRY ELEMENTS (KOHA) | |
| Source of classification or shelving scheme | |
| Koha item type | Thesis |
| 650 ## - SUBJECT ADDED ENTRY--TOPICAL TERM | |
| -- | 16133 |
| 700 ## - ADDED ENTRY--PERSONAL NAME | |
| -- | 17447 |
| Withdrawn status | Lost status | Source of classification or shelving scheme | Damaged status | Not for loan | Permanent Location | Current Location | Shelving location | Date acquired | Full call number | Barcode | Date last seen | Price effective from | Non-public note | Koha item type |
|---|---|---|---|---|---|---|---|---|---|---|---|---|---|---|
| Central Library (CL) | Central Library (CL) | Thesis | 11/19/2020 | 670 | CL-T-1576 | 11/19/2020 | 11/19/2020 | Minute Sheet No. 0929/02/CL/Survey/5 dated 23rd April 2024 E-MIN ID 114741 | Thesis |
